000 06643cam a22020654i 4500
003 PE-LiUPU
005 20250813165926.0
008 140804s2013 sp a rb 000 0 spa d
020 _a9788445821374
035 _a(Sirsi) i9788445821374
035 _a(Sirsi) 50922
040 _aPE-LiUPU
_bspa
_cPE-LiUPU
_dPE-LiUPU
_erda
035 _a(Sirsi) 50922
082 0 4 _a612.39
_bA65
100 1 _aAranceta Bartrina, Javier,
_d1952- .
245 1 0 _aNutrición comunitaria /
_cJavier Aranceta Bartrina.
250 _aTercera edición.
264 1 _aBarcelona :
_bElsevier Masson,
_c2013.
264 4 _c©2013.
300 _axxi, 367 páginas :
_bilustraciones ;
_c23 cm
336 _atext
_btxt
_2rdacontent
337 _aunmediated
_bn
_2rdamedia
338 _avolume
_bnc
_2rdacarrier
504 _aIncluye referencias bibliográficas
505 0 _aNutrición comunitaria -- Políticas alimentarias. Sistema de información y vigilancia nutricional -- Estrategias de intervención en nutrición comunitaria -- Mecanismos de participación y evaluación -- Evaluación del estado nutricional en
526 _aP203
526 _aP200
526 _aSEG65
526 _aSEG64
526 _aSEG63
526 _aSEG62
526 _aSEG61
526 _aSEG60
526 _aSEG59
526 _aSEG58
526 _aSEG57
526 _aSEG56
526 _aSEG55
526 _aSEG54
526 _aSEG53
526 _aSEG52
526 _aSEG51
526 _aSEG50
526 _aSEG49
526 _aSEG48
526 _aSEG47
526 _aSEG46
526 _aSEG24
526 _aSEG23
526 _aSEG22
526 _aSEG21
526 _aSEG20
526 _aSEG19
526 _aSEG18
526 _aSEG17
526 _aSEG16
526 _aSEG14
526 _aSEG13
526 _aSEG12
526 _aSEG11
526 _aSEG10
526 _aSEG09
526 _aSEG06
526 _aSEG05
526 _aSEG04
526 _aSEG03
526 _aSEG02
526 _aSEG68
526 _aSEG66
526 _aSEG45
526 _aSEG25
526 _aSEG01
526 _aP163
526 _aP162
526 _aP161
526 _aP160
526 _aP159
526 _aP158
526 _aP157
526 _aP156
526 _aP155
526 _aP154
526 _aP153
526 _aP152
526 _aP151
526 _aP150
526 _aP149
526 _aP142
526 _aP141
526 _aP140
526 _aP139
526 _aP138
526 _aP137
526 _aP132
526 _aP131
526 _aP130
526 _aP126
526 _aP125
526 _aP124
526 _aP123
526 _aP115
526 _aP122
526 _aP121
526 _aP116
526 _a P114
526 _aP112
526 _aP111
526 _aP104
526 _aP103
526 _aP102
526 _aP101
526 _aP100
526 _aP96
526 _aP95
526 _aP93
526 _aP92
526 _aP91
526 _aP88
526 _aP83
526 _aP82
526 _aP79
526 _aP78
526 _aP75
526 _aP74
526 _aP71
526 _aP69
526 _a P51
526 _aP49
526 _aP48
526 _aP47
526 _aP33
526 _aP31
526 _a P30
526 _aP29
526 _aP27
526 _aP26
526 _aP25
526 _aP24
526 _a P22
526 _aP10
526 _aP09
526 _a P08
526 _aP06
526 _aP05
526 _aP04
526 _aP01
650 1 4 _aNutrición.
_9394
650 1 4 _aDietética.
_91967
650 2 4 _aNutrición
_xEnseñanza.
650 2 4 _aSalud.
_9927
650 2 4 _aAlimentos.
_91965
910 _agl
_b
_cng
_d110914
942 _2ddc
_cBOOK
949 _a612.39 A65
_i67738
_lCCODEBUL1
_mBUL
_tLIBRO
_o.STAFF. Colección General
949 _a612.39 A65
_i67739
_lCCODEBUL1
_mBUL
_tLIBRO
_o.STAFF. Colección General
949 _a612.39 A65
_i67740
_lCCODEBUL1
_mBUL
_tLIBRO
_o.STAFF. Colección General
949 _a612.39 A65
_i68967
_lCCODEBUL1
_mBUL
_tLIBRO
_o.STAFF. Colección General
949 _a612.39 A65
_i70242
_lCCODEBUL1
_mBUL
_tLIBRO
_o.STAFF. Colección General
949 _a612.39 A65
_i70243
_lCCODEBUL1
_mBUL
_tLIBRO
_o.STAFF. Colección General
596 _a1
999 _a612.39 A65
_wDEWEY
_c55298
_i67738
_d55298
_e2019-1-7
_f2021-11-3
_g5
_lCCODEBUL1
_mBUL
_n5
_p65.00
_q1
_r0
_sY
_tBOOK
_u2015-7-6
_xSALUD
_PP31
_0COMPRA
_o.STAFF. Colección Ciencias de la Salud
999 _a612.39 A65
_wDEWEY
_c2
_i67739
_f2021-11-3
_g5
_lCCODEBUL1
_mBUL
_p65.00
_r0
_sY
_tBOOK
_u2015-7-6
_xSALUD
_PP31
_0COMPRA
_o.STAFF. Colección General
999 _a612.39 A65
_wDEWEY
_c3
_i67740
_d2022-4-21
_e2022-4-21
_f2021-11-3
_g5
_lCCODEBUL1
_mBUL
_n4
_p65.00
_q1
_r0
_sY
_tBOOK
_u2015-7-6
_xSALUD
_PP31
_0COMPRA
_o.STAFF. Colección Ciencias de la Salud
999 _a612.39 A65
_wDEWEY
_c4
_i68967
_d2016-6-28
_e2016-6-23
_f2021-11-3
_g5
_lCCODEBUL1
_mBUL
_n2
_p61.00
_r0
_sY
_tBOOK
_u2015-7-6
_xSALUD
_PP31
_0COMPRA
_o.STAFF. Colección Ciencias de la Salud
999 _a612.39 A65
_wDEWEY
_c5
_i68968
_f2021-11-3
_g5
_lCCODEBUL1
_mBUL
_p61.00
_r0
_sY
_tBOOK
_u2015-7-6
_xSALUD
_PP31
_0COMPRA
_o.STAFF. Colección General
999 _a612.39 A65
_wDEWEY
_c6
_i70242
_d2018-3-8
_e2016-9-13
_f2021-11-3
_g5
_lCCODEBUL1
_mBUL
_n1
_p67.00
_q1
_r0
_sY
_tBOOK
_u2015-7-24
_xSALUD
_PP31
_0COMPRA
_o.STAFF. Colección Ciencias de la Salud
999 _a612.39 A65
_wDEWEY
_c7
_i70243
_d2016-6-24
_e2016-6-23
_f2021-11-3
_g5
_lCCODEBUL1
_mBUL
_n6
_p67.00
_r0
_sY
_tBOOK
_u2015-7-24
_xSALUD
_PP31
_0COMPRA
_o.STAFF. Colección Ciencias de la Salud
999 _a612.39 A65
_wDEWEY
_c8
_i75311
_f2021-11-3
_g5
_lCCODEBUL1
_mBUL
_p32.03
_r0
_sY
_tBOOK
_u2016-12-16
_xSALUD
_PP31
_0COMPRA
_o.STAFF. Colección Ciencias de la Salud
999 _a612.39 A65
_wDEWEY
_c9
_i75312
_f2021-11-3
_g5
_lCCODEBUL1
_mBUL
_p32.02
_r0
_sY
_tBOOK
_u2016-12-16
_xSALUD
_PP31
_0COMPRA
_o.STAFF. Colección Ciencias de la Salud
999 _a612.39 A65
_wDEWEY
_c10
_i75313
_d2017-11-19
_e2017-2-14
_f2021-11-3
_g5
_lCCODEBUL1
_mBUL
_n1
_p32.02
_q1
_r0
_sY
_tBOOK
_u2016-12-16
_xSALUD
_PP31
_0COMPRA
_o.STAFF. Colección Ciencias de la Salud
999 _a612.39 A65
_wDEWEY
_c11
_i75314
_d2022-4-27
_e2022-4-8
_f2021-11-3
_g5
_lCCODEBUL1
_mBUL
_n1
_p32.02
_q3
_r0
_sY
_tBOOK
_u2016-12-16
_xSALUD
_PP31
_0COMPRA
_o.STAFF. Colección Ciencias de la Salud
980 _81
_gALBERTO SANCHEZ Responsable de Automatización